<?xml version="1.0" encoding="UTF-8"?><?xml-stylesheet type="text/xsl" href="static/style.xsl"?><OAI-PMH xmlns="http://www.openarchives.org/OAI/2.0/" xmlns:xsi="http://www.w3.org/2001/XMLSchema-instance" xsi:schemaLocation="http://www.openarchives.org/OAI/2.0/ http://www.openarchives.org/OAI/2.0/OAI-PMH.xsd"><responseDate>2026-04-13T06:43:57Z</responseDate><request verb="GetRecord" identifier="oai:www.recercat.cat:11351/11402" metadataPrefix="marc">https://recercat.cat/oai/request</request><GetRecord><record><header><identifier>oai:recercat.cat:11351/11402</identifier><datestamp>2025-10-24T10:36:56Z</datestamp><setSpec>com_2072_378070</setSpec><setSpec>com_2072_378040</setSpec><setSpec>col_2072_378092</setSpec></header><metadata><record xmlns="http://www.loc.gov/MARC21/slim" xmlns:dcterms="http://purl.org/dc/terms/" xmlns:xsi="http://www.w3.org/2001/XMLSchema-instance" xmlns:doc="http://www.lyncode.com/xoai" xsi:schemaLocation="http://www.loc.gov/MARC21/slim http://www.loc.gov/standards/marcxml/schema/MARC21slim.xsd">
   <leader>00925njm 22002777a 4500</leader>
   <datafield ind2=" " ind1=" " tag="042">
      <subfield code="a">dc</subfield>
   </datafield>
   <datafield ind2=" " ind1=" " tag="720">
      <subfield code="a">FURIAN, LUCREZIA</subfield>
      <subfield code="e">author</subfield>
   </datafield>
   <datafield ind2=" " ind1=" " tag="720">
      <subfield code="a">Cozzi, Emanuele</subfield>
      <subfield code="e">author</subfield>
   </datafield>
   <datafield ind2=" " ind1=" " tag="720">
      <subfield code="a">Diekmann, Fritz</subfield>
      <subfield code="e">author</subfield>
   </datafield>
   <datafield ind2=" " ind1=" " tag="720">
      <subfield code="a">mamode, nizam</subfield>
      <subfield code="e">author</subfield>
   </datafield>
   <datafield ind2=" " ind1=" " tag="720">
      <subfield code="a">Bestard, Oriol</subfield>
      <subfield code="e">author</subfield>
   </datafield>
   <datafield ind2=" " ind1=" " tag="720">
      <subfield code="a">Budde, Klemens</subfield>
      <subfield code="e">author</subfield>
   </datafield>
   <datafield ind2=" " ind1=" " tag="260">
      <subfield code="c">2024-05-03T10:29:22Z</subfield>
   </datafield>
   <datafield ind2=" " ind1=" " tag="260">
      <subfield code="c">2024-05-03T10:29:22Z</subfield>
   </datafield>
   <datafield ind2=" " ind1=" " tag="260">
      <subfield code="c">2024-04-11</subfield>
   </datafield>
   <datafield ind2=" " ind1=" " tag="520">
      <subfield code="a">Delphi; Immunomodulation; Kidney transplantation</subfield>
   </datafield>
   <datafield ind2=" " ind1=" " tag="520">
      <subfield code="a">Delfos; Immunomodulació; Trasplantament de ronyó</subfield>
   </datafield>
   <datafield ind2=" " ind1=" " tag="520">
      <subfield code="a">Delfos; Inmunomodulación; Trasplante de riñón</subfield>
   </datafield>
   <datafield ind2=" " ind1=" " tag="520">
      <subfield code="a">An increasing number of sensitized patients awaiting transplantation face limited options, leading to fatalities during dialysis and higher costs. The absence of established evidence highlights the need for collaborative consensus. Donor-specific antibodies (DSA)-triggered antibody-mediated rejection (AMR) significantly contributes to kidney graft failure, especially in sensitized patients. The European Society for Organ Transplantation (ESOT) launched the ENGAGE initiative, categorizing sensitized candidates by AMR risk to improve patient care. A systematic review assessed induction and maintenance regimens as well as antibody removal strategies, with statements subjected to the Delphi methodology. A Likert-scale survey was distributed to 53 European experts (Nephrologists, Transplant surgeons and Immunologists) with experience in kidney transplant recipient care. A rate ≥75% with the same answer was considered consensus. Consensus was achieved in 95.3% of statements. While most recommendations aligned, two statements related to complement inhibitors for AMR prophylaxis lacked consensus. The ENGAGE consensus presents contemporary recommendations for desensitization and immunomodulation strategies, grounded in predefined risk categories. The adoption of tailored, patient-specific measures is anticipated to streamline the care of sensitized recipients undergoing renal allografts. While this approach holds the promise of enhancing transplant accessibility and fostering long-term success in transplantation outcomes, its efficacy will need to be assessed through dedicated studies.</subfield>
   </datafield>
   <datafield ind2=" " ind1=" " tag="520">
      <subfield code="a">This work was supported by The European Society for Organ Transplantation (ESOT), Westerdoksdijk 423, 1013 BX Amsterdam, Netherlands, including all publication fees, with the unconditional support of CHIESI Farmaceutici S.p.A. and Hansa Biopharma. The funders were not involved in the study design, collection, analysis, interpretation of data, the writing of this article, or the decision to submit it for publication. The medical writer for this manuscript was also supported by ESOT. The authors maintained complete control over the manuscript content, and it reflects their opinions.</subfield>
   </datafield>
   <datafield ind1="8" ind2=" " tag="024">
      <subfield code="a">http://hdl.handle.net/11351/11402</subfield>
   </datafield>
   <datafield tag="653" ind2=" " ind1=" ">
      <subfield code="a">Decisió de grup</subfield>
   </datafield>
   <datafield tag="653" ind2=" " ind1=" ">
      <subfield code="a">Ronyons - Trasplantació</subfield>
   </datafield>
   <datafield tag="653" ind2=" " ind1=" ">
      <subfield code="a">Immunoglobulines</subfield>
   </datafield>
   <datafield tag="653" ind2=" " ind1=" ">
      <subfield code="a">Empelt contra l'hoste, Malaltia de l'</subfield>
   </datafield>
   <datafield tag="653" ind2=" " ind1=" ">
      <subfield code="a">PSYCHIATRY AND PSYCHOLOGY::Behavior and Behavior Mechanisms::Psychology, Social::Group Processes::Consensus</subfield>
   </datafield>
   <datafield tag="653" ind2=" " ind1=" ">
      <subfield code="a">PHENOMENA AND PROCESSES::Immune System Phenomena::Transplantation Immunology::Host vs Graft Reaction::Graft Rejection</subfield>
   </datafield>
   <datafield tag="653" ind2=" " ind1=" ">
      <subfield code="a">ANALYTICAL, DIAGNOSTIC AND THERAPEUTIC TECHNIQUES, AND EQUIPMENT::Therapeutics::Renal Replacement Therapy::Kidney Transplantation</subfield>
   </datafield>
   <datafield tag="653" ind2=" " ind1=" ">
      <subfield code="a">CHEMICALS AND DRUGS::Amino Acids, Peptides, and Proteins::Proteins::Blood Proteins::Immunoproteins::Immunoglobulins::Antibodies::Isoantibodies</subfield>
   </datafield>
   <datafield tag="653" ind2=" " ind1=" ">
      <subfield code="a">PSIQUIATRÍA Y PSICOLOGÍA::conducta y mecanismos de la conducta::psicología social::procesos de grupo::consenso</subfield>
   </datafield>
   <datafield tag="653" ind2=" " ind1=" ">
      <subfield code="a">FENÓMENOS Y PROCESOS::fenómenos del sistema inmunitario::inmunología del trasplante::reacción huésped contra injerto::rechazo del injerto</subfield>
   </datafield>
   <datafield tag="653" ind2=" " ind1=" ">
      <subfield code="a">TÉCNICAS Y EQUIPOS ANALÍTICOS, DIAGNÓSTICOS Y TERAPÉUTICOS::terapéutica::tratamiento de reemplazo renal::trasplante de riñón</subfield>
   </datafield>
   <datafield tag="653" ind2=" " ind1=" ">
      <subfield code="a">COMPUESTOS QUÍMICOS Y DROGAS::aminoácidos, péptidos y proteínas::proteínas::proteínas sanguíneas::inmunoproteínas::inmunoglobulinas::anticuerpos::isoanticuerpos</subfield>
   </datafield>
   <datafield ind2="0" ind1="0" tag="245">
      <subfield code="a">European Consensus on the Management of Sensitized Kidney Transplant Recipients: A Delphi Study</subfield>
   </datafield>
</record></metadata></record></GetRecord></OAI-PMH>